000 00798nam a22002177a 4500
999 _c181562
_d181562
005 20210923151035.0
010 _aENG-129955
020 _a9789353886066
_c1395.00
035 _a EN-113487
037 _bDBAD/PUB
082 _a338.961
245 _aComparative Development of India & China:
_cedited by Neena Sondhi, Ramakrushna Panigrahi Miao Pang and Rajashri Chatterjee
_bEconomic,technological sectoral &Socio- cultural Insights
260 _bSage
_aIndia
_c2021
270 _bNew Delhi
_e110044
_aB1/1-1,Mohan Cooperative industrial Area Mathura road Post Bag 7
300 _avii,491p.
_c25cm(hbk)
700 _aedited by Sondhi,Neena
700 _aPanigrahi,Ramakrushna
700 _aPang,Miao
700 _aChatterjee, Rajashri
942 _2ddc
_cEN
_h338.961
_mCOM